| 000 | 00494nam a22001817a 4500 | ||
|---|---|---|---|
| 008 | 170623b xxu||||| |||| 00| p tur d | ||
| 020 | _a9759960354 | ||
| 041 | _atur | ||
| 050 | _aPL248.T4503 | ||
| 100 |
_aTenekeci, İbrahim _9420 |
||
| 245 |
_aGiderken Söylenmiştir _cİbrahim Tenekeci |
||
| 250 | _a2. baskı | ||
| 260 |
_aİstanbul _bProfil Yayıncılık _cEylül 2006 |
||
| 300 | _a63 sayfa | ||
| 500 | _aProfil: 08; Edebiyat: 02 | ||
| 650 | 0 |
_9145 _aTürk Edebiyatı |
|
| 942 |
_2lcc _cBK |
||
| 999 |
_c528 _d520 |
||